Design and simulation of a voltage source for space applications
Uložené v:
| Hlavný autor: | |
|---|---|
| Ďalší autori: | |
| Médium: | Rukopis Kniha |
| Jazyk: | Slovak English |
| Vydavateľské údaje: |
2025
|
| Predmet: | |
| On-line prístup: | http://is.stuba.sk/zp/portal_zp.pl?podrobnosti=184584 |
| Tagy: |
Žiadne tagy, Buďte prvý, kto otaguje tento záznam!
|
MARC
| LEADER | 00000ntm a22000003a 4500 | ||
|---|---|---|---|
| 001 | stuzp105668 | ||
| 003 | SK-STU | ||
| 005 | 20250614214008.4 | ||
| 007 | ta | ||
| 008 | 150427s2015----xo-----f-mn---000-0-slo-d | ||
| 040 | |a STU |b slo | ||
| 041 | 0 | |a eng | |
| 100 | 1 | |a Kysel, Marcel |u 033000 |4 aut |U FEI Fakulta elektrotechniky a informatiky |T FEI Ústav elektroniky a fotoniky |X 111050 |U E030 |Y 549 |7 111050 | |
| 242 | 0 | 1 | |a Návrh a simulácia napäťového zdroja pre vesmírne aplikácie |y slo |
| 245 | 1 | 0 | |a Design and simulation of a voltage source for space applications |
| 260 | |c 2025 | ||
| 650 | 4 | |a LTSpice |2 eng | |
| 650 | 4 | |a DC-DC converter |2 eng | |
| 650 | 4 | |a electrical power system |2 eng | |
| 650 | 4 | |a voltage source |2 eng | |
| 650 | 4 | |a LTSpice |2 slo | |
| 650 | 4 | |a elektrický napájací systém |2 slo | |
| 650 | 4 | |a DC-DC menič |2 slo | |
| 650 | 4 | |a napäťový zdroj |2 slo | |
| 700 | 1 | |a Hotový, Ivan |u 033000 |k Z1 |4 ths |U FEI Fakulta elektrotechniky a informatiky |T FEI Ústav elektroniky a fotoniky |X 4233 |U E030 |Y 549 |7 A000004233 | |
| 856 | 4 | |u http://is.stuba.sk/zp/portal_zp.pl?podrobnosti=184584 | |